|
|
|
|
| LEADER |
00000nam a22000007i 4500 |
| 001 |
IT\ICCU\RAV\0088937 |
| 003 |
ItRI |
| 005 |
20260115232334.0 |
| 008 |
900205s1968 it |||||| ||||| |||||c |
| 015 |
|
|
|2 IT
|a 685675
|
| 040 |
|
|
|b ita
|c importazione bologna sebina
|
| 041 |
|
7 |
|a ita
|2 ISO-639-2
|
| 082 |
|
|
|a 853.91
|9 NARRATIVA ITALIANA. SEC. 20.
|2 16
|
| 082 |
|
|
|a 853.91
|9 NARRATIVA ITALIANA. SEC. 20.
|2 17
|
| 100 |
1 |
|
|a Pasolini, Pier Paolo
|0 IT\ICCU\CFIV\001068
|4 aut
|
| 240 |
1 |
0 |
|a Teorema
|3 IT\ICCU\SBL\0237721
|9 Pasolini, Pier Paolo
|
| 245 |
1 |
0 |
|a Teorema /
|c Pier Paolo Pasolini.
|
| 260 |
|
|
|a Milano :
|b Garzanti,
|c 1968
|
| 300 |
|
|
|a 203 p. ;
|c 20 cm
|
| 942 |
|
|
|2 ddc
|c BK
|n 0
|
| 952 |
|
|
|0 0
|1 0
|4 0
|6 DOC_853_914000000000000_PAS
|7 0
|9 24427
|a BO
|b BO
|d 2026-01-15
|i 3877
|l 0
|o DOC 853.914 PAS
|p BO3877
|r 2026-01-15 23:23:34
|w 2026-01-15
|x [Sebina 7] [1 v.]
|y BK
|z 1 v.
|
| 999 |
|
|
|c 20797
|d 20797
|